[Event "Xtracon Chess Open 2016"]
[Site "Elsinore"]
[Date "2016.07.26"]
[Round "5.186"]
[White "Hestholm, Gustav"]
[Black "Overmark, Ole"]
[Result "1/2-1/2"]
[WhiteElo "1055"]
[BlackElo "1775"]
[PlyCount "80"]
[EventDate "2016.07.23"]

1. e4 e6 2. d4 d5 3. exd5 exd5 4. c4 Nf6 5. Nc3 Bg4 6. f3 Be6 7. Qb3 dxc4 8.
Bxc4 Bxc4 9. Qxc4 Be7 10. Nge2 O-O 11. O-O c6 12. Bf4 Nbd7 13. Rad1 Nb6 14. Qb3
Qc8 15. Bg5 Nbd5 16. Nxd5 Nxd5 17. Bxe7 Nxe7 18. Nc3 Rd8 19. Rd2 Nd5 20. Nxd5
Rxd5 21. Rfd1 Qc7 22. Rc2 Qe7 23. Rcd2 Rad8 24. Qa4 c5 25. h3 Rxd4 26. Rxd4
Qe3+ 27. Kh2 Rxd4 28. Rxd4 cxd4 29. Qxa7 h5 30. b4 Qf4+ 31. g3 Qd2+ 32. Kg1
Qxb4 33. Kf2 Qb2+ 34. Ke1 d3 35. Qe3 Qb1+ 36. Kd2 Qxa2+ 37. Kxd3 Qd5+ 38. Kc3
f5 39. Qe8+ Kh7 40. Qxh5+ Kg8 1/2-1/2

[Event "Xtracon Chess Open 2016"]
[Site "Elsinore"]
[Date "2016.07.26"]
[Round "5.187"]
[White "Starup, Leo"]
[Black "Larsen, Alex"]
[Result "0-1"]
[WhiteElo "1598"]
[BlackElo "1442"]
[PlyCount "105"]
[EventDate "2016.07.23"]

1. e4 c5 2. Nf3 Nc6 3. d4 cxd4 4. Nxd4 g6 5. Be3 Bg7 6. c3 a6 7. Bd3 d6 8. Nd2
Nxd4 9. cxd4 Nf6 10. f3 O-O 11. O-O b5 12. Qe2 h5 13. b4 h4 14. g4 hxg3 15.
hxg3 Bh3 16. Rf2 Nh5 17. Kh2 Bc8 18. g4 Nf6 19. Rff1 e5 20. d5 Nh7 21. Kg3 f5
22. Rh1 f4+ 23. Kg2 fxe3 24. Qxe3 Rf4 25. Be2 Qg5 26. Nf1 Bd7 27. Nh2 Raf8 28.
Qb6 Qe7 29. Rac1 Nf6 30. Rhf1 Nxe4 31. fxe4 Rxf1 32. Rxf1 Rxf1 33. Bxf1 Kh7 34.
Be2 g5 35. Qxa6 Qf6 36. Bxb5 Bxb5 37. Qxb5 Qf4 38. Qd3 Qc1 39. Kh3 Bf8 40. a4
Be7 41. a5 Bd8 42. Nf3 Kh6 43. Qd2 Qa3 44. Kg3 Bc7 45. Qh2+ Kg7 46. Qd2 Bd8 47.
Kg2 Kg6 48. Ne1 Bc7 49. Nc2 Qa4 50. Qd3 Qd7 51. Qf3 Qa4 52. Qf5+ Kg7 53. Qd7+
0-1

[Event "Xtracon Chess Open 2016"]
[Site "Elsinore"]
[Date "2016.07.26"]
[Round "5.188"]
[White "Narheim, Mats"]
[Black "Glaschak, Joachim"]
[Result "1-0"]
[WhiteElo "1467"]
[BlackElo "1570"]
[PlyCount "51"]
[EventDate "2016.07.23"]

1. e4 c6 2. d4 d5 3. e5 Bf5 4. Be3 e6 5. Nf3 h6 6. Be2 Qb6 7. Nc3 Nd7 8. O-O
Qc7 9. a3 f6 10. Bf4 c5 11. Nb5 Qb8 12. Bg3 fxe5 13. Nxe5 Qd8 14. Nxd7 Kxd7 15.
c4 a6 16. Nc3 Ke8 17. cxd5 exd5 18. dxc5 d4 19. Na4 Ne7 20. Qb3 Qd5 21. Bc4 Qc6
22. Bf7+ Kd8 23. Rad1 d3 24. Nb6 Ra7 25. Rxd3+ Bxd3 26. Qxd3+ 1-0

[Event "Xtracon Chess Open 2016"]
[Site "Elsinore"]
[Date "2016.07.26"]
[Round "5.189"]
[White "Tryggestad, Linnea Garberg"]
[Black "Jacobsen, Stig Jerlow"]
[Result "1/2-1/2"]
[WhiteElo "1525"]
[BlackElo "1322"]
[PlyCount "107"]
[EventDate "2016.07.23"]

1. d4 d5 2. c4 Nf6 3. Nc3 Bf5 4. Bg5 e6 5. cxd5 exd5 6. Bxf6 gxf6 7. Qb3 c6 8.
Qxb7 Nd7 9. Qxc6 Be6 10. Qa4 Be7 11. Rc1 O-O 12. e3 Nb6 13. Qc2 Rc8 14. Bd3 f5
15. Bxf5 Bxf5 16. Qxf5 Na4 17. Qc2 Qa5 18. Nge2 Bb4 19. O-O Bxc3 20. Nxc3 Nxc3
21. bxc3 Rc4 22. f4 Rfc8 23. Qf5 Rxc3 24. Rxc3 Qxc3 25. Qg5+ Kf8 26. Qe5 Re8
27. Qd6+ Re7 28. Qh6+ Ke8 29. Qa6 Qxe3+ 30. Kh1 Kf8 31. Qc8+ Re8 32. Qc5+ Re7
33. Qxd5 Qe2 34. Rg1 Qf2 35. Qf3 Qxd4 36. Rd1 Qd2 37. h3 Qxa2 38. Rd8+ Re8 39.
Rxe8+ Kxe8 40. Qe4+ Kf8 41. Qxh7 Qd5 42. Qh8+ Ke7 43. Qa1 a5 44. Qa3+ Ke8 45.
Kh2 Qb5 46. Qe3+ Kf8 47. Qd4 Qb4 48. Qd8+ Kg7 49. Qg5+ Kf8 50. f5 Qd6+ 51. Kg1
Qd4+ 52. Kf1 f6 53. Qh6+ Ke7 54. Qg7+ 1/2-1/2

[Event "Xtracon Chess Open 2016"]
[Site "Elsinore"]
[Date "2016.07.26"]
[Round "5.190"]
[White "Jensen, Jonbert"]
[Black "Frederiksen, Jacob"]
[Result "1/2-1/2"]
[WhiteElo "1492"]
[BlackElo "1382"]
[PlyCount "119"]
[EventDate "2016.07.23"]

1. e4 c5 2. Nf3 Nc6 3. Bc4 g6 4. O-O Bg7 5. c3 d6 6. h3 Nf6 7. Re1 O-O 8. d4
cxd4 9. cxd4 Nxe4 10. Rxe4 d5 11. Bxd5 Qxd5 12. Nc3 Qd8 13. d5 Bf5 14. Re1 Nb4
15. Re2 Rc8 16. Nd4 Bd3 17. Rd2 Bxd4 18. Rxd3 Nxd3 19. Qxd3 Bg7 20. Be3 b6 21.
Bf4 Qd7 22. Rb1 Rfd8 23. Nb5 a6 24. Nc3 Bxc3 25. bxc3 Qxd5 26. Qxd5 Rxd5 27.
Rxb6 a5 28. Rb3 Rd3 29. Ra3 Rcxc3 30. Rxa5 Ra3 31. Rb5 Rxa2 32. Rb7 Rd1+ 33.
Kh2 Rxf2 34. Bh6 Rd8 35. Rxe7 Rf5 36. g4 Rf3 37. Kg2 Rfd3 38. Rb7 Rc8 39. Rb2
Rd5 40. Be3 h5 41. Kf3 Rd3 42. Re2 Re8 43. Kf4 hxg4 44. hxg4 Kh7 45. Kf3 f5 46.
gxf5 gxf5 47. Kf2 Kg6 48. Bf4 Rxe2+ 49. Kxe2 Rb3 50. Kf2 Kh5 51. Be5 Kg4 52.
Bd4 f4 53. Kg2 Ra3 54. Kf2 f3 55. Kg1 Ra2 56. Bf2 Kf5 57. Be3 Ke4 58. Bb6 Kd3
59. Kf1 Re2 60. Ba7 1/2-1/2

[Event "Xtracon Chess Open 2016"]
[Site "Elsinore"]
[Date "2016.07.26"]
[Round "5.191"]
[White "Wanvik, Tim"]
[Black "Huse, Arne Kjelsbol"]
[Result "1-0"]
[WhiteElo "1479"]
[BlackElo "1163"]
[PlyCount "85"]
[EventDate "2016.07.23"]

1. e4 e5 2. Nf3 Nc6 3. d4 exd4 4. Bc4 d6 5. Nxd4 Nxd4 6. Qxd4 Qf6 7. Be3 Be7 8.
Nc3 Qxd4 9. Bxd4 Bf6 10. Bxf6 Nxf6 11. Nb5 Kd8 12. f3 Rf8 13. O-O-O a6 14. Nc3
Be6 15. Bxe6 fxe6 16. e5 Ne8 17. Ne4 d5 18. Nc5 Ke7 19. Nxb7 Rb8 20. Nc5 Ra8
21. c4 Rf4 22. b3 a5 23. cxd5 exd5 24. Rxd5 Rf5 25. Rhd1 c6 26. Rd7+ Kf8 27. f4
Rxf4 28. Ne6+ Kg8 29. Nxf4 Kf8 30. e6 Rb8 31. e7+ Kf7 32. Rd8 Rb7 33. R1d7 Rb4
34. Nd3 Re4 35. Ra8 Rxe7 36. Rxe7+ Kxe7 37. Rxa5 Kd6 38. Rh5 h6 39. a4 Kc7 40.
a5 Kb7 41. Nc5+ Kc7 42. a6 Kb6 43. b4 1-0

[Event "Xtracon Chess Open 2016"]
[Site "Elsinore"]
[Date "2016.07.26"]
[Round "5.192"]
[White "Wadtland, Flemming"]
[Black "Jacobsen, Harald Kittel Lytom"]
[Result "1-0"]
[WhiteElo "1504"]
[BlackElo "1343"]
[PlyCount "59"]
[EventDate "2016.07.23"]

1. c4 e5 2. Nc3 Nc6 3. g3 Bc5 4. Bg2 Nf6 5. e3 d6 6. Nge2 Bf5 7. d4 exd4 8.
exd4 Bb6 9. O-O Bg4 10. f3 Bh5 11. Kh1 Bg6 12. a3 Nd7 13. Na4 h5 14. Re1 h4 15.
Nxb6 Nxb6 16. Nf4+ Ne7 17. Nxg6 fxg6 18. Qd3 Rh6 19. Bxh6 gxh6 20. Qxg6+ Kd7
21. Qg4+ Ke8 22. Qxh4 Nxc4 23. f4 Nxb2 24. Bxb7 Rb8 25. Bc6+ Kf8 26. Qxh6+ Kg8
27. Be4 Kf7 28. Qh7+ Kf8 29. Qh8+ Ng8 30. Bd5 1-0

[Event "Xtracon Chess Open 2016"]
[Site "Elsinore"]
[Date "2016.07.26"]
[Round "5.193"]
[White "Cithu, Arjun Vijay"]
[Black "Sidali, Elias Hulleberg"]
[Result "0-1"]
[WhiteElo "1330"]
[BlackElo "1491"]
[PlyCount "90"]
[EventDate "2016.07.23"]

1. e4 c5 2. Nf3 Nc6 3. d4 cxd4 4. Nxd4 g6 5. Nc3 Bg7 6. Be3 Nf6 7. Bc4 d6 8.
Qd2 O-O 9. O-O-O a6 10. h4 Ng4 11. Bg5 h6 12. Bf4 Nxd4 13. f3 e5 14. Bxe5 dxe5
15. fxg4 Bxg4 16. Rde1 Qc7 17. Bd3 Rfd8 18. Nd5 Qd6 19. c3 Nc6 20. Qf2 Ne7 21.
Nxe7+ Qxe7 22. Qg3 h5 23. Bc4 Qc5 24. Bd5 Bh6+ 25. Kb1 Bf4 26. Qd3 Be6 27. Qc4
Qxc4 28. Bxc4 Bxc4 29. Rd1 Bd3+ 30. Ka1 Bxe4 31. a3 Bxg2 32. Rhg1 Bc6 33. Rxd8+
Rxd8 34. Ka2 e4 35. Rf1 Bd2 36. Rd1 e3 37. Rg1 e2 38. Rb1 e1=Q 39. Rxe1 Bd5+
40. b3 Bxe1 41. c4 Be4 42. Kb2 Rd1 43. a4 Rb1+ 44. Ka3 a5 45. Ka2 Bc3 0-1

[Event "Xtracon Chess Open 2016"]
[Site "Elsinore"]
[Date "2016.07.26"]
[Round "5.194"]
[White "Christoffersen, Micki Aron"]
[Black "Eldor, Finn"]
[Result "1/2-1/2"]
[WhiteElo "1263"]
[BlackElo "1428"]
[PlyCount "151"]
[EventDate "2016.07.23"]

1. e4 e5 2. d3 Nc6 3. Nf3 Bc5 4. Nc3 d6 5. Be2 Be6 6. O-O Nf6 7. h3 O-O 8. Re1
h6 9. Bd2 d5 10. exd5 Nxd5 11. Nxd5 Bxd5 12. c4 Be6 13. Bc3 f6 14. Qd2 Qd7 15.
b4 Be7 16. d4 exd4 17. Nxd4 Rad8 18. Rad1 b6 19. Nxe6 Qxe6 20. Bd3 Qd6 21. a3
Ne5 22. Bxe5 fxe5 23. Qc2 Kh8 24. Be4 Qf6 25. Rxd8 Rxd8 26. Rd1 Rxd1+ 27. Qxd1
Qf4 28. Qg4 Qxg4 29. hxg4 Kg8 30. Bg6 Kf8 31. Kf1 Bg5 32. Ke2 Ke7 33. g3 Kd6
34. a4 a6 35. Kd3 c5 36. b5 axb5 37. axb5 Ke7 38. Ke4 Kd6 39. f4 exf4 40. gxf4
Bf6 41. Bf7 g5 42. f5 Bd4 43. Be6 Bf6 44. Bf7 Be5 45. Be6 Bd4 46. Bd5 Be5 47.
Be6 Bd4 48. Bd5 Bc3 49. Be6 Be5 50. Bd5 Bb2 51. Be6 Bc3 52. Bd5 Bd4 53. Be6 Be5
54. Bd5 Bf6 55. Be6 Bc3 56. Bd5 Bf6 57. Be6 Bc3 58. Bd5 Bd4 59. Be6 Bf6 60. Bd5
Bb2 61. Be6 Bd4 62. Bd5 Be5 63. Be6 Bb2 64. Bd5 Bd4 65. Be6 Bf6 66. Bd5 Bc3 67.
Be6 Bb2 68. Bd5 Bg7 69. Be6 Bf6 70. Bd5 Bb2 71. Be6 Bd4 72. Bd5 Bg7 73. Be6 Ba1
74. Bd5 Bb2 75. Be6 Bd4 76. Bd5 1/2-1/2

[Event "Xtracon Chess Open 2016"]
[Site "Elsinore"]
[Date "2016.07.26"]
[Round "5.196"]
[White "Schjolin, John"]
[Black "Hina, Ariza"]
[Result "0-1"]
[WhiteElo "1201"]
[BlackElo "1370"]
[PlyCount "50"]
[EventDate "2016.07.23"]

1. e4 e5 2. Bc4 Nc6 3. c3 Nf6 4. d3 Bc5 5. Be3 Bb6 6. Nf3 d6 7. h3 Be6 8. Nbd2
Qd7 9. b4 a6 10. Bb3 O-O 11. Ba4 Bxe3 12. fxe3 b5 13. Bb3 d5 14. Ng5 dxe4 15.
Nxe6 fxe6 16. dxe4 Rae8 17. Bc2 Rd8 18. Nf3 Qxd1+ 19. Rxd1 Rxd1+ 20. Bxd1 Nxe4
21. Bb3 Kf7 22. O-O Ke7 23. a4 Nxc3 24. a5 e4 25. Ng5 Ne2+ 0-1

[Event "Xtracon Chess Open 2016"]
[Site "Elsinore"]
[Date "2016.07.26"]
[Round "5.197"]
[White "Nielsen, Bent K"]
[Black "Opseth, Erik"]
[Result "1-0"]
[WhiteElo "1349"]
[BlackElo "1064"]
[PlyCount "89"]
[EventDate "2016.07.23"]

1. e4 c5 2. Nf3 e6 3. Nc3 Nc6 4. Be2 Be7 5. d4 a6 6. Be3 Qc7 7. d5 Na5 8. Qd2
c4 9. Bd4 f6 10. dxe6 d6 11. Nd5 Qc6 12. Nb6 Rb8 13. Qxa5 Bd8 14. Qa4 Bxe6 15.
Qxc6+ bxc6 16. Nxc4 Bxc4 17. Bxc4 Rxb2 18. Bxb2 Ba5+ 19. c3 Nh6 20. h3 Kd7 21.
O-O-O Kc7 22. Rd3 f5 23. exf5 Nxf5 24. Re1 Bb6 25. Nd4 Rf8 26. Nxf5 Bxf2 27.
Re7+ Kb6 28. Nxg7 Bh4 29. Re8 Bg5+ 30. Kd1 Rf2 31. Re2 Rf1+ 32. Kc2 Rf4 33. Be6
Kc5 34. Bc1 Rf1 35. Bxg5 Ra1 36. Be3+ Kb5 37. c4+ Ka5 38. Kb2 Kb4 39. Bd2+ Kc5
40. Be3+ Kb4 41. Rb3+ Ka5 42. Kxa1 Ka4 43. Reb2 a5 44. Bd7 d5 45. Bxc6# 1-0

[Event "Xtracon Chess Open 2016"]
[Site "Elsinore"]
[Date "2016.07.27"]
[Round "6.1"]
[White "Amin, Bassem"]
[Black "Zude, Erik"]
[Result "1-0"]
[WhiteElo "2654"]
[BlackElo "2403"]
[PlyCount "147"]
[EventDate "2016.07.23"]

1. e4 c5 2. d3 g6 3. g3 Bg7 4. Bg2 Nc6 5. f4 d6 6. Nf3 e5 7. O-O Nge7 8. c3 O-O
9. Be3 b6 10. f5 gxf5 11. Nh4 f4 12. gxf4 exf4 13. Bxf4 Ng6 14. Nf5 Bxf5 15.
exf5 Nxf4 16. Rxf4 d5 17. Nd2 Ne5 18. Qh5 Nd7 19. Kh1 Nf6 20. Qh4 Qd6 21. Rg1
Rae8 22. Bxd5 Qxd5+ 23. Ne4 Kh8 24. Rxg7 Rg8 25. Rxg8+ Nxg8 26. f6 Re6 27. Rf3
c4 28. Qg5 Qxg5 29. Nxg5 Rxf6 30. dxc4 Kg7 31. Kg2 h6 32. Rxf6 Nxf6 33. Nf3 Ne4
34. Nd4 Nd6 35. b3 Ne4 36. Nb5 a6 37. Nc7 Nxc3 38. a4 Ne4 39. Nxa6 Kf6 40. b4
Ke5 41. a5 bxa5 42. bxa5 Nd2 43. Nc5 Nxc4 44. a6 Kd5 45. a7 Nb6 46. Nd7 Na8 47.
Kf3 Kd6 48. Nf6 Kc7 49. Kg4 Kb7 50. Kh5 Nc7 51. Kxh6 Ne6 52. h4 Kxa7 53. Kh7
Kb7 54. h5 Kc6 55. h6 Kd6 56. Ne4+ Ke7 57. Kg8 Nf8 58. Nd6 Nd7 59. Nf5+ Ke8 60.
Kg7 Nf8 61. Kh8 Ne6 62. Kg8 Nf4 63. h7 Ng6 64. Kg7 Nh8 65. Kf6 Kd7 66. Nh4 Ke8
67. Nf3 Ng6 68. Ne5 Nh8 69. Kg7 f5 70. Ng6 Nf7 71. Kf6 f4 72. Nxf4 Nh8 73. Ng6
Nf7 74. Kg7 1-0

[Event "Xtracon Chess Open 2016"]
[Site "Elsinore"]
[Date "2016.07.27"]
[Round "6.2"]
[White "Svane, Rasmus"]
[Black "Dreev, Aleksey"]
[Result "1/2-1/2"]
[WhiteElo "2549"]
[BlackElo "2664"]
[PlyCount "100"]
[EventDate "2016.07.23"]

1. d4 d5 2. c4 c6 3. Nf3 Nf6 4. Nc3 e6 5. e3 Nbd7 6. Qc2 b6 7. Bd3 Bb7 8. O-O
Be7 9. Rd1 Qc7 10. b3 h6 11. Bb2 Rd8 12. Rac1 O-O 13. cxd5 exd5 14. Bf5 Qb8 15.
Ne5 Rfe8 16. Ne2 Bd6 17. Nxc6 Bxh2+ 18. Kf1 Bxc6 19. Qxc6 Bd6 20. Nc3 Nf8 21.
Nb5 Ne6 22. Rc2 g6 23. Bxe6 Rxe6 24. Nxd6 Rexd6 25. Qc7 Ne8 26. Qxb8 Rxb8 27.
Rdc1 h5 28. Ba3 Rdd8 29. f3 Ng7 30. Kf2 Ne8 31. Rc6 Kg7 32. R1c2 f6 33. Ke2 Rd7
34. Bb4 Kf7 35. Kd3 Rbd8 36. Rc8 Rxc8 37. Rxc8 Nc7 38. Bd6 Ne6 39. Bg3 Rd8 40.
Rc6 g5 41. a4 h4 42. Bh2 g4 43. fxg4 Rg8 44. Ke2 Rxg4 45. Kf2 Rg8 46. b4 Ng5
47. a5 Ne4+ 48. Kf3 Nd2+ 49. Kf2 Ne4+ 50. Kf3 Nd2+ 1/2-1/2

[Event "Xtracon Chess Open 2016"]
[Site "Elsinore"]
[Date "2016.07.27"]
[Round "6.4"]
[White "Maze, Sebastien"]
[Black "Burmakin, Vladimir"]
[Result "1-0"]
[WhiteElo "2628"]
[BlackElo "2549"]
[PlyCount "105"]
[EventDate "2016.07.23"]

1. e4 c6 2. d4 d5 3. e5 Bf5 4. Nf3 e6 5. Be2 Ne7 6. O-O Nc8 7. b3 Be7 8. c4 O-O
9. Nc3 Nd7 10. Bd3 Bxd3 11. Qxd3 f5 12. exf6 Bxf6 13. Re1 Re8 14. Bf4 Nf8 15.
Re2 Ne7 16. Rae1 Qd7 17. h3 dxc4 18. bxc4 Rad8 19. Ne4 Nf5 20. Nc5 Qf7 21. Be5
Ng6 22. Nxe6 Rxe6 23. Qxf5 Rde8 24. Re4 h6 25. Bxf6 Rxe4 26. Rxe4 Rxe4 27. Qxe4
Qxf6 28. Ne5 Nf8 29. d5 cxd5 30. cxd5 b5 31. Nc6 a6 32. Qe5 Qf7 33. Nd8 Qf6 34.
Nc6 Qf7 35. g3 Nd7 36. Qd6 Nf6 37. Ne7+ Kh7 38. Qe5 Nd7 39. Qe4+ g6 40. d6 h5
41. Nc6 Qf5 42. Qe7+ Kg8 43. Nd4 Qf7 44. Qd8+ Nf8 45. Qa8 h4 46. g4 b4 47. Qxa6
Qd5 48. Qb6 Kh7 49. Qxb4 Nd7 50. Qb5 Qxd6 51. Nf3 Nc5 52. Ng5+ Kg8 53. Qc4+ 1-0

[Event "Xtracon Chess Open 2016"]
[Site "Elsinore"]
[Date "2016.07.27"]
[Round "6.6"]
[White "Agdestein, Simen"]
[Black "Andersen, Mads"]
[Result "1/2-1/2"]
[WhiteElo "2603"]
[BlackElo "2525"]
[PlyCount "68"]
[EventDate "2016.07.23"]

1. c4 e6 2. Nc3 d5 3. d4 Nf6 4. cxd5 exd5 5. Bg5 c6 6. e3 Be7 7. Bd3 Nbd7 8. h3
Nb6 9. Nge2 h6 10. Bh4 Nh5 11. Bxe7 Qxe7 12. O-O O-O 13. Rb1 a5 14. Qb3 Qd8 15.
Na4 Nxa4 16. Qxa4 Qg5 17. Kh2 Bf5 18. Bxf5 Qxf5 19. g4 Qd3 20. Qd1 Qxd1 21.
Rfxd1 Nf6 22. f3 Ne8 23. e4 dxe4 24. fxe4 Nd6 25. Nc3 Rfe8 26. Re1 Nc4 27. Re2
Rad8 28. Rd1 b5 29. Kg3 Nb6 30. Kf3 Re6 31. b3 Rf6+ 32. Ke3 Re6 33. Kf3 Rf6+
34. Ke3 Re6 1/2-1/2

[Event "Xtracon Chess Open 2016"]
[Site "Elsinore"]
[Date "2016.07.27"]
[Round "6.7"]
[White "Brunello, Sabino"]
[Black "Rasmussen, Allan Stig"]
[Result "1-0"]
[WhiteElo "2567"]
[BlackElo "2504"]
[PlyCount "87"]
[EventDate "2016.07.23"]

1. d4 f5 2. c4 Nf6 3. Nf3 g6 4. e3 Bg7 5. b4 d6 6. Bb2 a5 7. b5 Nbd7 8. Qc2 O-O
9. Nbd2 e6 10. c5 Nd5 11. cxd6 cxd6 12. a4 N7f6 13. Be2 b6 14. O-O Bb7 15. Rac1
Rf7 16. Qb3 h6 17. Ba3 Bf8 18. Rfe1 g5 19. g3 Be7 20. Nc4 Qd7 21. Nfd2 Raf8 22.
Bf1 g4 23. Bg2 h5 24. Rc2 Kg7 25. e4 fxe4 26. Nxe4 Nxe4 27. Bxe4 Rf6 28. Qb2
Qd8 29. Qc1 Kf7 30. Rce2 Qb8 31. Qg5 Rh8 32. Qd2 Ke8 33. Bd3 Kf7 34. Be4 Ke8
35. Bc1 Rg8 36. Bh7 Rg7 37. Bb1 Qc8 38. Ba2 Kf7 39. Ba3 Qb8 40. Nxb6 Nxb6 41.
Rxe6 Rxe6 42. Bxe6+ Ke8 43. Qh6 Bf8 44. Bf7+ 1-0

[Event "Xtracon Chess Open 2016"]
[Site "Elsinore"]
[Date "2016.07.27"]
[Round "6.8"]
[White "Zuniga, Julio E Granda"]
[Black "Aabling Thomsen, Jakob"]
[Result "1/2-1/2"]
[WhiteElo "2699"]
[BlackElo "2344"]
[PlyCount "88"]
[EventDate "2016.07.23"]

1. d4 g6 2. e4 Bg7 3. Nc3 d6 4. Be3 a6 5. g3 Nf6 6. Bg2 Nc6 7. Nge2 O-O 8. d5
Ne5 9. O-O c5 10. b3 b5 11. h3 b4 12. Na4 a5 13. c4 bxc3 14. Qc2 Ba6 15. Rfd1
Ned7 16. Nexc3 Nb6 17. Nb2 Nfd7 18. Rac1 Qb8 19. Nb1 a4 20. Nd2 axb3 21. axb3
Be2 22. Re1 Ra2 23. Rxe2 Rxb2 24. Qd1 Qb7 25. Nc4 Nxc4 26. bxc4 Rb8 27. Bf1 Qa6
28. Rxb2 Rxb2 29. Rb1 h5 30. Rxb2 Bxb2 31. Qb3 Bf6 32. h4 Qa1 33. Kg2 Bd4 34.
Bg5 Qe1 35. Qc2 Nf6 36. Bxf6 Bxf6 37. Qe2 Qa1 38. Qf3 Kg7 39. Be2 Qb2 40. Bf1
Bd4 41. Be2 Qa2 42. Bf1 Qb2 43. Be2 Qa2 44. Bf1 Qb2 1/2-1/2

[Event "Xtracon Chess Open 2016"]
[Site "Elsinore"]
[Date "2016.07.27"]
[Round "6.10"]
[White "Shirov, Alexei"]
[Black "Haug, Johannes"]
[Result "1-0"]
[WhiteElo "2674"]
[BlackElo "2318"]
[PlyCount "107"]
[EventDate "2016.07.23"]

1. d4 Nf6 2. c4 e6 3. Nf3 b6 4. g3 Bb7 5. Bg2 Be7 6. O-O O-O 7. Nc3 Ne4 8. Bd2
Bf6 9. Ne5 Nxc3 10. Bxc3 Bxg2 11. Kxg2 d5 12. cxd5 Qxd5+ 13. Nf3 Nd7 14. Qa4 c5
15. Rfd1 Qb7 16. dxc5 Nxc5 17. Qc4 Bxc3 18. Qxc3 Rfd8 19. b4 Ne4 20. Qe5 Nf6
21. b5 h6 22. a4 a6 23. Rxd8+ Rxd8 24. Rc1 axb5 25. Rc7 Qd5 26. axb5 Qxe5 27.
Nxe5 Rd5 28. Rc8+ Kh7 29. Nxf7 Rxb5 30. Rc6 e5 31. Re6 e4 32. Nd6 Rb4 33. e3 h5
34. h3 Kg8 35. Nf5 Kf8 36. Rc6 Rb2 37. Rc8+ Kf7 38. Rc6 b5 39. Rc5 b4 40. Rb5
Nd7 41. g4 hxg4 42. hxg4 Kg6 43. Ne7+ Kf7 44. Nc6 Nf6 45. Kg3 b3 46. g5 Nh7 47.
Nd4 Nf8 48. Rb8 Nh7 49. Rb7+ Kg6 50. Kg4 Nf8 51. Nf5 Ne6 52. Rb6 Kf7 53. g6+
Kf6 54. Nd4 1-0

[Event "Xtracon Chess Open 2016"]
[Site "Elsinore"]
[Date "2016.07.27"]
[Round "6.11"]
[White "Naroditsky, Daniel"]
[Black "Matthiesen, Martin"]
[Result "1-0"]
[WhiteElo "2634"]
[BlackElo "2316"]
[PlyCount "67"]
[EventDate "2016.07.23"]

1. d4 d5 2. Bf4 Nf6 3. e3 c5 4. dxc5 Nc6 5. Bb5 e6 6. b4 a5 7. c3 Be7 8. Nf3
O-O 9. Bxc6 bxc6 10. O-O Ba6 11. Re1 Nh5 12. Ne5 Nxf4 13. exf4 Qc7 14. Nd2 f6
15. Nef3 Bc8 16. Nb3 Re8 17. Qd4 axb4 18. cxb4 Bf8 19. Na5 g6 20. Re2 Bg7 21.
Rae1 Bd7 22. Nb3 Re7 23. Nc1 Rae8 24. Nd3 Bc8 25. a4 Ba6 26. b5 Bb7 27. h4 h6
28. Re3 Qd7 29. Qb2 Kf7 30. b6 Qc8 31. a5 Qa8 32. Qa1 Ba6 33. Nb4 Qb7 34. Nd4
1-0

[Event "Xtracon Chess Open 2016"]
[Site "Elsinore"]
[Date "2016.07.27"]
[Round "6.12"]
[White "Fossan, Petter"]
[Black "Vorobiov, Evgeny E"]
[Result "0-1"]
[WhiteElo "2303"]
[BlackElo "2584"]
[PlyCount "80"]
[EventDate "2016.07.23"]

1. e4 c5 2. c3 d5 3. exd5 Qxd5 4. d4 Nc6 5. Nf3 Bf5 6. dxc5 Qxd1+ 7. Kxd1 e5 8.
Be3 O-O-O+ 9. Nbd2 Nf6 10. Bb5 Nd5 11. Ke2 Nxe3 12. fxe3 Bxc5 13. Bxc6 bxc6 14.
e4 Bg6 15. g4 f6 16. Nh4 Bf7 17. Nf5 Be6 18. h3 g6 19. Ne3 h5 20. Ndc4 Kc7 21.
a3 Bxe3 22. Nxe3 Bb3 23. Raf1 Rd6 24. Rfg1 Rhd8 25. gxh5 gxh5 26. Rg7+ Kb6 27.
Kf3 Rd2 28. c4 R8d3 29. c5+ Ka6 30. Re1 f5 31. Rg2 f4 32. Rxd2 Rxd2 33. Nf5
Bd1+ 34. Rxd1 Rxd1 35. Ne7 Rd3+ 36. Kf2 Kb5 37. Ng6 Rxh3 38. Nxe5 Rb3 39. Ng6
Kxc5 40. Nxf4 Rxb2+ 0-1

[Event "Xtracon Chess Open 2016"]
[Site "Elsinore"]
[Date "2016.07.27"]
[Round "6.13"]
[White "Degraeve, Jean-Marc"]
[Black "Haldorsen, Benjamin"]
[Result "1-0"]
[WhiteElo "2579"]
[BlackElo "2283"]
[PlyCount "55"]
[EventDate "2016.07.23"]

1. e4 e6 2. d4 d5 3. Nd2 dxe4 4. Nxe4 Nd7 5. Nf3 Ngf6 6. Bg5 h6 7. Nxf6+ Nxf6
8. Be3 Bd6 9. Qd2 b6 10. Ne5 O-O 11. Bd3 Bb7 12. O-O-O c5 13. Bxh6 gxh6 14.
Qxh6 Re8 15. Qg5+ Kf8 16. Bb5 Bxe5 17. dxe5 Nd5 18. Qh6+ Ke7 19. Bxe8 Qxe8 20.
c4 Nb4 21. a3 Nc6 22. Qf6+ Kf8 23. Rd3 Ne7 24. Qh8+ Ng8 25. Rg3 Ke7 26. Rd1 Qf8
27. Rg7 b5 28. Rd3 1-0

[Event "Xtracon Chess Open 2016"]
[Site "Elsinore"]
[Date "2016.07.27"]
[Round "6.14"]
[White "Kovachev, Daniel Jacobsen"]
[Black "Marin, Mihail"]
[Result "1/2-1/2"]
[WhiteElo "2315"]
[BlackElo "2576"]
[PlyCount "64"]
[EventDate "2016.07.23"]

1. Nf3 Nf6 2. g3 g6 3. Bg2 Bg7 4. O-O O-O 5. c4 d6 6. d4 Nbd7 7. Nc3 e5 8. e4
c6 9. b3 a6 10. dxe5 dxe5 11. Ba3 Re8 12. Bd6 Bf8 13. Re1 Bxd6 14. Qxd6 Qe7 15.
Rad1 Kg7 16. Bh3 Qxd6 17. Rxd6 Nf8 18. Bxc8 Raxc8 19. Kf1 N6d7 20. Red1 Rc7 21.
Ke2 Re7 22. Ke3 a5 23. Ne1 Ne6 24. R6d2 Nec5 25. Nd3 h5 26. Nxc5 Nxc5 27. Rd8
Red7 28. Ra8 Rxd1 29. Nxd1 b6 30. Rb8 Nd7 31. Ra8 Nc5 32. Rb8 Nd7 1/2-1/2

[Event "Xtracon Chess Open 2016"]
[Site "Elsinore"]
[Date "2016.07.27"]
[Round "6.15"]
[White "Rostgaard, Tobias Valentin"]
[Black "Gretarsson, Hjorvar Steinn"]
[Result "0-1"]
[WhiteElo "2287"]
[BlackElo "2550"]
[PlyCount "116"]
[EventDate "2016.07.23"]

1. c4 e5 2. g3 h5 3. h4 Nc6 4. Bg2 Bc5 5. Nc3 a5 6. d3 d6 7. Nf3 Nge7 8. a3 Bg4
9. Rb1 Qd7 10. Nd5 Nxd5 11. cxd5 Ne7 12. Nd2 a4 13. Nc4 Nf5 14. Be3 Nxe3 15.
Nxe3 f5 16. Qd2 O-O 17. Nxg4 hxg4 18. e3 Bb6 19. Ke2 Qf7 20. Rhf1 f4 21. gxf4
exf4 22. Be4 Rae8 23. Qb4 Qh5 24. Kd2 g3 25. exf4 gxf2 26. Qxa4 Kh8 27. Qd1 Qh6
28. Qg4 Rxf4 29. Qg5 Rxh4 30. Qxh6+ gxh6 31. Rh1 Rxh1 32. Rxh1 Kg7 33. Ke2 Rf8
34. Bg2 Rf4 35. Rh3 f1=Q+ 36. Bxf1 Rf2+ 37. Ke1 Rxb2 38. Rf3 Ra2 39. Bh3 Rxa3
40. Bf5 Ra2 41. Kd1 Bd4 42. Rf4 Ra1+ 43. Kc2 Be3 44. Rb4 b6 45. Rc4 Kf6 46. Bd7
h5 47. Kb2 Rd1 48. Rxc7 Rxd3 49. Be6 Bc5 50. Rf7+ Kg6 51. Rf8 Re3 52. Rg8+ Kh7
53. Rg5 Kh6 54. Rg8 Rf3 55. Bd7 Bd4+ 56. Kc2 h4 57. Rg4 Bf6 58. Rg1 h3 0-1

[Event "Xtracon Chess Open 2016"]
[Site "Elsinore"]
[Date "2016.07.27"]
[Round "6.16"]
[White "Schandorff, Lars"]
[Black "Larsen, Peter"]
[Result "1-0"]
[WhiteElo "2521"]
[BlackElo "2265"]
[PlyCount "43"]
[EventDate "2016.07.23"]

1. Nf3 f5 2. g3 Nf6 3. Bg2 c5 4. c4 Nc6 5. d4 cxd4 6. Nxd4 g6 7. O-O Bg7 8. Nc3
O-O 9. e3 Rb8 10. b3 a6 11. a4 Re8 12. Ba3 Qc7 13. Rc1 Nxd4 14. exd4 f4 15. Nd5
Nxd5 16. cxd5 Qb6 17. d6 Bxd4 18. a5 Qa7 19. dxe7 fxg3 20. hxg3 b5 21. Bd5+ Kg7
22. Rc7 1-0

[Event "Xtracon Chess Open 2016"]
[Site "Elsinore"]
[Date "2016.07.27"]
[Round "6.17"]
[White "Lenaerts, Lennert"]
[Black "Schroeder, Jan-Christian"]
[Result "1/2-1/2"]
[WhiteElo "2259"]
[BlackElo "2507"]
[PlyCount "93"]
[EventDate "2016.07.23"]

1. d4 Nf6 2. c4 e6 3. Nc3 Bb4 4. e3 O-O 5. Bd3 c5 6. Nge2 Nc6 7. O-O h6 8. Qc2
cxd4 9. Nxd4 Ne5 10. Be2 b6 11. Nf3 Ng6 12. Rd1 Bb7 13. Bd2 Qb8 14. h3 Rc8 15.
Rac1 Ne5 16. Nxe5 Qxe5 17. f4 Qb8 18. Nb5 Bc5 19. b4 Bf8 20. Bc3 Ne4 21. Be5 d6
22. Ba1 a6 23. Nd4 a5 24. a3 d5 25. Qb3 Nd6 26. cxd5 Bxd5 27. Qb1 Rxc1 28. Rxc1
Qb7 29. Bf3 b5 30. Bxd5 Qxd5 31. Rc5 Qe4 32. Qxe4 Nxe4 33. Re5 axb4 34. Rxe4
Rxa3 35. Re5 Rxa1+ 36. Kf2 Ra5 37. Ke2 Ra2+ 38. Kf3 Ra3 39. Rxb5 Rc3 40. Rb8 g6
41. g4 Rc7 42. f5 gxf5 43. gxf5 exf5 44. Nxf5 h5 45. Ng3 Rc5 46. Rxb4 Bd6 47.
Ra4 1/2-1/2